000
00312nam a2200121Ia 4500
005
20251222144834.0
008
251222s9999||||xx |||||||||||||| ||spa||
082
_a
362.829.2/P26
100
_a
Parras Konrad, Sonia
245
0
_a
Rompiendo el Silencio:
264
_b
Family Violence Prevention Fund
942
_c
LIB
999
_c
20951
_d
20951